Hellas Verona Squad 2025-2026 - Statistics

General Stats
  • This quiz has been taken 162 times
    86 since last reset
  • The average score is 21 of 38
Answer Stats
# Position Nation Player % Correct
1 GK Italy Lorenzo Montipò
88%
16 FW Nigeria Gift Orban
86%
17 FW Brazil Giovane
86%
9 FW Sweden Amin Sarr
79%
- Coach Italy Paolo Zanetti
79%
7 DF Algeria Rafik Belghali
79%
18 FW Scotland Kieron Bowie
76%
10 MF Slovakia Tomáš Suslov
76%
3 DF Denmark Martin Frese
74%
8 MF Germany Suat Serdar
71%
37 DF Germany Armel Bella-Kotchap
69%
25 FW Colombia Daniel Mosquera
67%
73 MF Libya Moatasem Al-Musrati
67%
12 DF Croatia Domagoj Bradarić
64%
24 MF France Antoine Bernède
62%
63 MF Italy Roberto Gagliardini
62%
15 DF Denmark Victor Nelsson
62%
20 MF Cyprus Grigoris Kastanos
60%
5 DF Faroe Islands Andrias Edmundsson
57%
34 GK Italy Simone Perilli
57%
6 DF Argentina Nicolás Valentini
55%
21 MF Morocco Abdou Harroui
52%
4 MF Slovenia Sandi Lovrić
52%
11 MF Ivory Coast Jean-Daniel Akpa Akpro
50%
- Coach Italy Paolo Sammarco
48%
5 DF Spain Unai Núñez
48%
36 MF Senegal Cheikh Niasse
45%
2 DF England Daniel Oyegoke
43%
23 DF Cameroon Enzo Ebosse
36%
70 DF Gambia Fallou Cham
33%
14 DF Spain Pol Lirola
33%
19 DF Denmark Tobias Slotsager
31%
94 GK Italy Giacomo Toniolo
29%
41 FW Brazil Isaac
26%
72 FW Ivory Coast Junior Ajayi
24%
99 GK Italy Mattia Chiesa
24%
4 MF Spain Yellu Santiago
21%
47 GK Brazil Arthur Borghi
19%
No matching quizzes found
Score Distribution
Percent of People with Each Score
Percentile by Number Answered
Your Score History
You have not taken this quiz since the last reset